Sacramento Kings Leading Rebounder per year - Statistics

General Stats
  • This quiz has been taken 18 times
    16 since last reset
  • The average score is 25 of 74
Answer Stats
Year Player % Correct
2017 DeMarcus Cousins
100%
2016 DeMarcus Cousins
100%
2015 DeMarcus Cousins
100%
2014 DeMarcus Cousins
100%
2013 DeMarcus Cousins
100%
2012 DeMarcus Cousins
100%
2011 DeMarcus Cousins
100%
2024 Domantas Sabonis
100%
2023 Domantas Sabonis
100%
2022 Domantas Sabonis
100%
2005 Chris Webber
75%
2003 Chris Webber
75%
2002 Chris Webber
75%
2001 Chris Webber
75%
2000 Chris Webber
75%
1999 Chris Webber
75%
1970 Jerry Lucas
50%
1969 Jerry Lucas
50%
1968 Jerry Lucas
50%
1967 Jerry Lucas
50%
1966 Jerry Lucas
50%
1965 Jerry Lucas
50%
1964 Jerry Lucas
50%
1959 Jack Twyman
38%
1989 Wayman Tisdale
38%
2008 Brad Miller
25%
2006 Brad Miller
25%
2004 Brad Miller
25%
1993 Lionel Simmons
25%
1992 Lionel Simmons
25%
1991 Lionel Simmons
25%
1997 Michael Smith
25%
1996 Olden Polynice
25%
1995 Olden Polynice
25%
1994 Olden Polynice
25%
2019 Willie Cauley-Stein
25%
2018 Willie Cauley-Stein
25%
1955 Arnie Risen
13%
1954 Arnie Risen
13%
1952 Arnie Risen
13%
1951 Arnie Risen
13%
1982 Cliff Robinson
13%
1983 Eddie Johnson
13%
2010 Jason Thompson
13%
1986 LaSalle Thompson
13%
1985 LaSalle Thompson
13%
1984 LaSalle Thompson
13%
1988 Otis Thorpe
13%
1987 Otis Thorpe
13%
2021 Richaun Holmes
13%
2020 Richaun Holmes
13%
1980 Sam Lacey
13%
1979 Sam Lacey
13%
1977 Sam Lacey
13%
1976 Sam Lacey
13%
1975 Sam Lacey
13%
1974 Sam Lacey
13%
1973 Sam Lacey
13%
1972 Sam Lacey
13%
1971 Sam Lacey
13%
1963 Wayne Embry
13%
1962 Wayne Embry
13%
1961 Wayne Embry
13%
1960 Wayne Embry
13%
1998 Billy Owens
0%
2009 Drew Gooden
0%
1953 Jack Coleman
0%
1958 Maurice Stokes
0%
1957 Maurice Stokes
0%
1956 Maurice Stokes
0%
2007 Metta World Peace
0%
1981 Reggie King
0%
1978 Richard Washington
0%
1990 Rodney McCray
0%
No matching quizzes found
Score Distribution
Percent of People with Each Score
Percentile by Number Answered
Your Score History
You have not taken this quiz since the last reset